Approaches to the Medieval Self : Representations and Conceptualizations of the Self in the Textual and Material Culture of Western Scandinavia, c. 800-1500 (Record no. 89527)

MARC details
000 -LEADER
fixed length control field 01469nam a2200277Ia 4500
000 - LEADER
fixed length control field 01986naaa 00385uu
001 - CONTROL NUMBER
control field https://directory.doabooks.org/handle/20.500.12854/63651
005 - DATE AND TIME OF LATEST TRANSACTION
control field 20260218105527.0
008 - FIXED-LENGTH DATA ELEMENTS--GENERAL INFORMATION
fixed length control field 211013s9999 xx 000 0 und d
024 ## - OTHER STANDARD IDENTIFIER
Standard number or code 10.1515/9783110655582
042 ## - AUTHENTICATION CODE
Authentication code dc
245 #0 - TITLE STATEMENT
Title Approaches to the Medieval Self : Representations and Conceptualizations of the Self in the Textual and Material Culture of Western Scandinavia, c. 800-1500
260 ## - PUBLICATION, DISTRIBUTION, ETC.
Place of publication, distribution, etc. Berlin/Boston
Name of publisher, distributor, etc. De Gruyter
Date of publication, distribution, etc. 2020
300 ## - PHYSICAL DESCRIPTION
Extent 1 electronic resource (339 p.)
520 ## - SUMMARY, ETC.
Summary, etc. The self and how it relates to its surrounding world and history is a main concern of the humanities and social sciences. This book addresses the issue by discussing various modes of studying and defining the self, based on a wide span of sources from medieval Western Scandinavia, c. 800's 2013;1500, such as archeological evidence, art and architecture, documents, literature, and runic inscriptions.
540 ## - TERMS GOVERNING USE AND REPRODUCTION NOTE
Terms governing use and reproduction Creative Commons
653 ## - INDEX TERM--UNCONTROLLED
Uncontrolled term Medieval Scandinavia
700 1# - ADDED ENTRY--PERSONAL NAME
Personal name Bandlien, Bjorn
700 1# - ADDED ENTRY--PERSONAL NAME
Personal name Eriksen, Stefka G.
700 1# - ADDED ENTRY--PERSONAL NAME
Personal name Eriksen, Stefka G.
700 1# - ADDED ENTRY--PERSONAL NAME
Personal name Langsholt Holmqvist, Karen
700 1# - ADDED ENTRY--PERSONAL NAME
Personal name Langsholt Holmqvist, Karen
856 ## - ELECTRONIC LOCATION AND ACCESS
Uniform Resource Identifier <a href="https://docs.google.com/spreadsheets/d/1yKIrdCPDAG_9c22mwoOIO2DOhtj65Wqa/edit?usp=sharing&ouid=106555315294820607512&rtpof=true&sd=true ">https://docs.google.com/spreadsheets/d/1yKIrdCPDAG_9c22mwoOIO2DOhtj65Wqa/edit?usp=sharing&ouid=106555315294820607512&rtpof=true&sd=true </a>
Link text List of Curated E-Books
942 ## - ADDED ENTRY ELEMENTS (KOHA)
Koha item type E-Book

No items available.

University of Rizal System
Email us at univlibservices@urs.edu.ph

Visit our Website www.urs.edu.ph/library